[Event "Erfurt op Seniors 29th"]
[Site "Erfurt"]
[Date "2019.12.30"]
[Round "5"]
[White "Abel, Hans Peter"]
[Black "Hoelting, Siegfried"]
[Result "0-1"]
[WhiteElo "1767"]
[BlackElo "1854"]
[PlyCount "110"]
[EventDate "2019.12.26"]
[EventType "swiss"]
[EventRounds "5"]
[EventCountry "GER"]
[SourceTitle "CBM 194 Extra"]
[Source "ChessBase"]
[SourceDate "2020.03.31"]
[SourceVersion "1"]
[SourceVersionDate "2020.03.31"]
[SourceQuality "1"]

1. Nf3 Nc6 2. c4 e5 3. d3 d6 4. g3 Nf6 5. Bg2 Be7 6. 0-0 0-0 7. Nc3 h6 8. a3 Be6 9. h3 Qd7 10. Kh2 d5 11. cxd5 Nxd5 12. Bd2 Rad8 13. Qa4 Nb6 14. Qc2 f5 15. Be3 Bf6 16. Bc5 Rfe8 17. Rad1 Qf7 18. Qb1 Nd5 19. e4 Nb6 20. exf5 Bxf5 21. Ne4 Be6 22. Nxf6+ Qxf6 23. Nd2 Qf7 24. Be3 Nd5 25. Qc2 a6 26. b4 Kh8 27. Nc4 Qg6 28. Be4 Qh5 29. Bg2 Rf8 30. Rde1 Bf5 31. Rd1 Rfe8 32. Rd2 Qg6 33. Nb2 Qe6 34. Re1 Qf7 35. Qd1 Rf8 36. Qb3 Be6 37. Qc2 Rd7 38. Bc5 Rfd8 39. Be3 Bf5 40. Red1 Qg6 41. Be4 Qh5 42. Bg2 Bg4 43. Re1 Bf3 44. Qc5 Bxg2 45. Kxg2 e4 46. g4 Qf7 47. Nd1 Ne5 48. Bxh6 Nxd3 49. Bxg7+ Qxg7 50. Rxd3 Nf4+ 51. Kh2 Rxd3 52. Ne3 b6 53. Qc4 Qe5 54. h4 Rxe3 55. fxe3 Nd3+ 0-1

[Event "Erfurt op Seniors 29th"]
[Site "Erfurt"]
[Date "2019.12.29"]
[Round "4"]
[White "Hoelting, Siegfried"]
[Black "Schmidt, Matthias"]
[Result "0-1"]
[WhiteElo "1854"]
[BlackElo "1987"]
[PlyCount "40"]
[EventDate "2019.12.26"]
[EventType "swiss"]
[EventRounds "5"]
[EventCountry "GER"]
[SourceTitle "CBM 194 Extra"]
[Source "ChessBase"]
[SourceDate "2020.03.31"]
[SourceVersion "1"]
[SourceVersionDate "2020.03.31"]
[SourceQuality "1"]

1. e4 c5 2. c3 Nf6 3. e5 Nd5 4. d4 cxd4 5. cxd4 e6 6. a3 b6 7. Nf3 Be7 8. Be2 Ba6 9. 0-0 0-0 10. Bd2 d6 11. Nc3 Nxc3 12. Bxc3 dxe5 13. Nxe5 Bxe2 14. Qxe2 Qd5 15. Rac1 Nd7 16. Nxd7 Qxd7 17. Rcd1 Qd5 18. Rfe1 Bf6 19. f3 Rfd8 20. f4 Rd7 0-1

[Event "Erfurt op Seniors 29th"]
[Site "Erfurt"]
[Date "2019.12.28"]
[Round "3"]
[White "Etzold, Ernst Walter"]
[Black "Hoelting, Siegfried"]
[Result "1/2-1/2"]
[WhiteElo "2041"]
[BlackElo "1854"]
[PlyCount "50"]
[EventDate "2019.12.26"]
[EventType "swiss"]
[EventRounds "5"]
[EventCountry "GER"]
[SourceTitle "CBM 194 Extra"]
[Source "ChessBase"]
[SourceDate "2020.03.31"]
[SourceVersion "1"]
[SourceVersionDate "2020.03.31"]
[SourceQuality "1"]

1. d4 d5 2. Nf3 Nf6 3. Bf4 e6 4. e3 c5 5. Nbd2 Nc6 6. c3 cxd4 7. exd4 Bd6 8. Bxd6 Qxd6 9. Bb5 Bd7 10. Qe2 a6 11. Bd3 0-0 12. 0-0 Rfe8 13. Ne5 Re7 14. Rae1 Ne8 15. f4 f6 16. Qf2 f5 17. g4 Nf6 18. Qh4 Ne4 19. Ndf3 Be8 20. Nxc6 bxc6 21. Ne5 Raa7 22. Qh3 g6 23. Qe3 a5 24. Re2 Rac7 25. Bxe4 fxe4 1/2-1/2

[Event "MVP-ch Seniors op 18th"]
[Site "Ostseebad Binz"]
[Date "2018.12.02"]
[Round "5"]
[White "Hoelting, Siegfried"]
[Black "Moeller, Peter1111"]
[Result "1-0"]
[WhiteElo "1872"]
[BlackElo "1687"]
[PlyCount "105"]
[EventDate "2018.11.28"]
[EventType "swiss"]
[EventRounds "9"]
[EventCountry "GER"]
[SourceTitle "CBM 188 Extra"]
[Source "ChessBase"]
[SourceDate "2019.02.26"]
[SourceVersion "1"]
[SourceVersionDate "2019.02.26"]
[SourceQuality "1"]

1. e4 d5 2. e5 Bf5 3. d4 e6 4. Nf3 Nd7 5. Bd3 Bxd3 6. Qxd3 c5 7. c3 cxd4 8. cxd4 Bb4+ 9. Nc3 Ne7 10. 0-0 Bxc3 11. bxc3 0-0 12. Bg5 Re8 13. c4 dxc4 14. Qxc4 Rc8 15. Qb3 Qb6 16. Qa3 Nd5 17. Rab1 Rc3 18. Qa4 Qc7 19. Qxa7 Rb8 20. Qa4 N7b6 21. Qd1 Ra8 22. Qe2 Rc2 23. Qd3 Raxa2 24. h3 h6 25. Bd2 Nc4 26. Bb4 Nxb4 27. Rxb4 Nb6 28. Qb3 Nd5 29. Rxb7 Qc3 30. Rb8+ Kh7 31. Qb1 g6 32. Rb3 Qc4 33. Rb7 Kg7 34. Qb5 Qxb5 35. Rxb5 Nf4 36. Rb3 Ne2+ 37. Kh2 Nf4 38. Re3 Rxf2 39. Rxf2 Rxf2 40. Kg3 Rxg2+ 41. Kxf4 g5+ 42. Ke4 Kg6 43. Ne1 Rd2 44. Nd3 h5 45. Re1 Rh2 46. Rg1 f5+ 47. exf6 Kxf6 48. Rf1+ Ke7 49. Rf3 Re2+ 50. Re3 Ra2 51. Nc5 Rf2 52. Kd3 Rf6 53. Ne4 1-0

[Event "MVP-ch Seniors op 18th"]
[Site "Ostseebad Binz"]
[Date "2018.12.01"]
[Round "4"]
[White "Berger, Volkmar"]
[Black "Hoelting, Siegfried"]
[Result "1-0"]
[WhiteElo "1679"]
[BlackElo "1872"]
[PlyCount "135"]
[EventDate "2018.11.28"]
[EventType "swiss"]
[EventRounds "9"]
[EventCountry "GER"]
[SourceTitle "CBM 188 Extra"]
[Source "ChessBase"]
[SourceDate "2019.02.26"]
[SourceVersion "1"]
[SourceVersionDate "2019.02.26"]
[SourceQuality "1"]

1. d4 d5 2. c4 c6 3. Nc3 e6 4. e3 Nf6 5. Nf3 Nbd7 6. Bd3 Be7 7. 0-0 0-0 8. Qc2 dxc4 9. Bxc4 b5 10. Bd3 Bb7 11. a3 a5 12. b3 g6 13. Bb2 Rc8 14. Qe2 b4 15. Na4 c5 16. Ba6 Bxa6 17. Qxa6 Nd5 18. e4 bxa3 19. Bxa3 Nb4 20. Bxb4 cxb4 21. Rac1 Ra8 22. Qb7 Rb8 23. Qa6 Nf6 24. Ne5 Ra8 25. Qb7 Qe8 26. Nc6 Nd7 27. Nxe7+ Qxe7 28. Nb6 Rad8 29. Rc7 Rb8 30. Qc6 Rxb6 31. Qxb6 Nxb6 32. Rxe7 Ra8 33. Rb7 Nc8 34. e5 Ra7 35. Rxa7 Nxa7 36. Rc1 Nb5 37. Rc5 Nxd4 38. Rxa5 Nc6 39. Rb5 Nd4 40. Rxb4 Nc6 41. Rb5 h5 42. h4 Kg7 43. f3 Nd4 44. Rb4 Nf5 45. Kh2 Ne3 46. Kh3 Nd5 47. Ra4 Nc3 48. Ra5 Nd5 49. g4 hxg4+ 50. fxg4 Nf4+ 51. Kg3 Ne2+ 52. Kf2 Nf4 53. Kf3 Nd5 54. Rxd5 exd5 55. Ke3 f6 56. Kd4 fxe5+ 57. Kxe5 d4 58. Kxd4 Kf6 59. Kd5 Ke7 60. Ke5 Kf7 61. Kd6 Kf6 62. Kd5 Ke7 63. Ke5 Kf7 64. Kd6 Kf6 65. g5+ Kf7 66. Kd7 Kf8 67. Ke6 Kg7 68. Ke7 1-0

[Event "GER-chA Seniors 28th"]
[Site "Niederhausen"]
[Date "2016.08.21"]
[Round "9"]
[White "Hoelting, Siegfried"]
[Black "Piastowski, Kurt"]
[Result "1/2-1/2"]
[WhiteElo "1902"]
[BlackElo "1994"]
[PlyCount "108"]
[EventDate "2016.08.13"]
[EventType "swiss"]
[EventRounds "9"]
[EventCountry "GER"]
[SourceTitle "EXT 2019"]
[Source "ChessBase"]
[SourceDate "2018.10.10"]
[SourceVersion "1"]
[SourceVersionDate "2018.10.10"]
[SourceQuality "1"]

1. e4 e5 2. Nf3 Nc6 3. Bc4 Bc5 4. 0-0 d6 5. h3 h6 6. c3 Nf6 7. d3 0-0 8. b4 Bb6 9. a4 a5 10. b5 Ne7 11. Qe2 c6 12. Na3 Bd7 13. Be3 Bxe3 14. fxe3 c5 15. Qf2 Nc8 16. Nh4 Nb6 17. Bb3 Be6 18. c4 Qe7 19. Nb1 Nh7 20. Nc3 Qf6 21. Nf5 Bxf5 22. exf5 Qe7 23. Bd1 Rad8 24. Bf3 Nf6 25. e4 Nh7 26. Bg4 Nf6 27. Bf3 Nh7 28. Ra2 Ng5 29. Bg4 Nh7 30. Qe2 Nf6 31. Bf3 Nh7 32. Qd1 g5 33. Raf2 f6 34. Bh5 Rd7 35. Rf3 Rc8 36. Rg3 Nf8 37. h4 Rcc7 38. hxg5 hxg5 39. Rh3 Nh7 40. Kf2 Qf8 41. Rfh1 Kh8 42. Bg6 Qg8 43. Rh6 Qf8 44. R1h3 Qg8 45. Qh5 Re7 46. Bxh7 Rxh7 47. Qg4 Qf8 48. R6h5 Rcg7 49. Rh6 Qf7 50. Qh5 Qxh5 51. R3xh5 Rf7 52. g4 Rxh6 53. Rxh6+ Kg7 54. Rh5 Rf8 1/2-1/2

[Event "GER-chA Seniors 28th"]
[Site "Niederhausen"]
[Date "2016.08.17"]
[Round "5"]
[White "Hoelting, Siegfried"]
[Black "Jacob, Helmut"]
[Result "1/2-1/2"]
[WhiteElo "1902"]
[BlackElo "2030"]
[PlyCount "99"]
[EventDate "2016.08.13"]
[EventType "swiss"]
[EventRounds "9"]
[EventCountry "GER"]
[SourceTitle "EXT 2019"]
[Source "ChessBase"]
[SourceDate "2018.10.10"]
[SourceVersion "1"]
[SourceVersionDate "2018.10.10"]
[SourceQuality "1"]

1. e4 c5 2. Nf3 g6 3. d4 cxd4 4. Nxd4 Nc6 5. Nc3 Bg7 6. Be3 Nf6 7. Be2 0-0 8. 0-0 d5 9. exd5 Nxd5 10. Nxd5 Qxd5 11. Bf3 Qa5 12. Nxc6 bxc6 13. c3 Qc7 14. Qa4 Bd7 15. Rfd1 Be8 16. Bc5 Bf6 17. Re1 Rb8 18. Qa3 Rb7 19. Re2 Be5 20. g3 f6 21. Bg2 Bf7 22. Rae1 Rd8 23. Qa4 Bd5 24. Qa3 Bxg2 25. Kxg2 Rd7 26. b4 Kg7 27. Qb3 Bd6 28. Qc4 Bxc5 29. Qxc5 Qd6 30. Qc4 Qd5+ 31. Qxd5 cxd5 32. Rd2 Rbc7 33. Rd3 Kf7 34. a4 e6 35. f4 Rc4 36. a5 Rdc7 37. Ree3 a6 38. h4 h5 39. Kf2 Rb7 40. Ke2 Rb5 41. Rf3 Ke7 42. Rfe3 Kd6 43. Kd2 Ke7 44. Kc2 Rbxb4 45. Rxd5 Rb5 46. Rxb5 axb5 47. Kb3 Ra4 48. Rd3 e5 49. Rd5 Rxa5 50. fxe5 1/2-1/2

[Event "GER-chA Seniors 28th"]
[Site "Niederhausen"]
[Date "2016.08.16"]
[Round "4"]
[White "Rieke, Theo"]
[Black "Hoelting, Siegfried"]
[Result "1/2-1/2"]
[WhiteElo "2020"]
[BlackElo "1902"]
[PlyCount "49"]
[EventDate "2016.08.13"]
[EventType "swiss"]
[EventRounds "9"]
[EventCountry "GER"]
[SourceTitle "EXT 2019"]
[Source "ChessBase"]
[SourceDate "2018.10.10"]
[SourceVersion "1"]
[SourceVersionDate "2018.10.10"]
[SourceQuality "1"]

1. c4 e5 2. Nc3 Nf6 3. Nf3 Nc6 4. e3 d6 5. d3 Be7 6. Be2 0-0 7. 0-0 d5 8. cxd5 Nxd5 9. a3 Be6 10. Qc2 a6 11. Bd2 f6 12. Ne4 Rc8 13. Nc5 Bxc5 14. Qxc5 Bf7 15. Rfd1 Re8 16. Be1 Qe7 17. Rac1 Nb6 18. Qc2 Qe6 19. Nd2 f5 20. b4 f4 21. Ne4 Qh6 22. Bg4 Rb8 23. Nc5 fxe3 24. fxe3 Nd5 25. Qe2 1/2-1/2

[Event "Erfurt Seniors op 24th"]
[Site "Erfurt"]
[Date "2014.12.27"]
[Round "2"]
[White "Hoelting, Siegfried"]
[Black "Weidlich, Guenter"]
[Result "0-1"]
[WhiteElo "1911"]
[BlackElo "2184"]
[PlyCount "84"]
[EventDate "2014.12.26"]
[EventType "swiss"]
[EventRounds "7"]
[EventCountry "GER"]
[SourceTitle "CBM 164 Extra"]
[Source "ChessBase"]
[SourceDate "2015.03.02"]
[SourceVersion "1"]
[SourceVersionDate "2015.03.02"]
[SourceQuality "1"]

1. e4 g6 2. d4 Bg7 3. Nf3 c6 4. c3 d6 5. h3 Nf6 6. Bd3 Nbd7 7. Be3 0-0 8. 0-0 Qc7 9. Qd2 Re8 10. Na3 b6 11. Rac1 a6 12. Nc2 c5 13. c4 cxd4 14. Bxd4 e5 15. Be3 Bb7 16. Nb4 Nxe4 17. Bxe4 Bxe4 18. Ng5 Bb7 19. Rfd1 Bf8 20. Nd5 Qd8 21. Ne4 Bxd5 22. Bg5 Bxe4 23. Bxd8 Rexd8 24. f3 Bb7 25. Qe2 Rac8 26. b3 Nc5 27. b4 Ne6 28. Qe3 Rc6 29. b5 axb5 30. cxb5 Rxc1 31. Rxc1 Nc5 32. h4 Ra8 33. Rc2 Ra5 34. Qe2 Ra8 35. Kh2 Bg7 36. Kh3 d5 37. Qd2 d4 38. Rc4 Bc8+ 39. g4 Be6 40. Rc2 Ra3 41. Qg2 Bd5 42. Rf2 Nd3 0-1

[Event "Erfurt AT op 24th"]
[Site "Erfurt"]
[Date "2014.12.26"]
[Round "1"]
[White "Huelle, Gunter"]
[Black "Hoelting, Siegfried"]
[Result "0-1"]
[WhiteElo "1722"]
[BlackElo "1911"]
[PlyCount "81"]
[EventDate "2014.12.26"]
[EventType "swiss"]
[EventRounds "7"]
[EventCountry "GER"]
[SourceTitle "CBM 164 Extra"]
[Source "ChessBase"]
[SourceDate "2015.03.02"]
[SourceVersion "1"]
[SourceVersionDate "2015.03.02"]
[SourceQuality "1"]

1. b4 e5 2. Bb2 d6 3. e3 Nf6 4. b5 a6 5. a4 axb5 6. axb5 Rxa1 7. Bxa1 Be7 8. c4 0-0 9. Nf3 Bg4 10. Be2 c6 11. h3 Bf5 12. 0-0 Nbd7 13. d4 Qc7 14. Nc3 h6 15. Bb2 Ra8 16. Qb3 exd4 17. exd4 Ne4 18. Nxe4 Bxe4 19. Nd2 Bf5 20. Ra1 Re8 21. Bd3 Bxd3 22. Qxd3 Bf6 23. Ne4 d5 24. cxd5 cxd5 25. Nxf6+ Nxf6 26. Rc1 Qa5 27. Bc3 Qb6 28. f3 Ra8 29. Bb4 Nd7 30. Bc5 Qe6 31. Bb4 Nf6 32. Re1 Qc8 33. Bd2 Qf8 34. Rc1 Qd8 35. Qb3 Qb6 36. Qb2 Nd7 37. Qb4 Qa7 38. Bf4 Nf6 39. Rc7 Qb6 40. Rc1 Qe6 41. Re1 0-1

[Event "MVP-ch Seniors op 14th"]
[Site "Binz"]
[Date "2014.12.03"]
[Round "9"]
[White "Johnsen, Oystein"]
[Black "Hoelting, Siegfried"]
[Result "1-0"]
[WhiteElo "2035"]
[BlackElo "1762"]
[PlyCount "133"]
[EventDate "2014.11.25"]
[EventType "swiss"]
[EventRounds "9"]
[EventCountry "GER"]
[SourceTitle "EXT 2016"]
[Source "ChessBase"]
[SourceDate "2015.10.08"]
[SourceVersion "1"]
[SourceVersionDate "2015.10.08"]
[SourceQuality "1"]

1. c4 e5 2. Nc3 Nc6 3. g3 d6 4. Bg2 Bd7 5. Rb1 Be6 6. d3 a6 7. b4 Rb8 8. a4 Nf6 9. b5 axb5 10. axb5 Nd4 11. e3 Nf5 12. Qb3 Nd7 13. Nge2 g6 14. 0-0 Bg7 15. Ba3 0-0 16. Qc2 Re8 17. Bb4 b6 18. Ra1 Ne7 19. Ra3 Nf6 20. Rfa1 d5 21. Bxe7 Rxe7 22. cxd5 Nxd5 23. Qb1 Re8 24. Ra7 Rc8 25. h4 h5 26. R1a4 c6 27. bxc6 Qd6 28. Nxd5 Bxd5 29. Rd7 Qxc6 30. Raa7 Bxg2 31. Rxf7 Bf8 32. e4 Bh3 33. Rfb7 Rb8 34. Rc7 Qf6 35. f4 Re7 36. Qb3+ Be6 37. Qc3 Rf7 38. Rxf7 Bxf7 39. Kg2 Bc5 40. Qxe5 Qxe5 41. fxe5 Rd8 42. Nf4 Re8 43. Rd7 Rxe5 44. d4 Rxe4 45. dxc5 bxc5 46. Kf3 Rc4 47. Nd3 Be6 48. Rd8+ Kg7 49. Ne5 Rc3+ 50. Kf4 Bf5 51. Rd6 c4 52. Rc6 Bd3 53. Kg5 Be4 54. Rc7+ Kf8 55. Kf6 Kg8 56. Rg7+ Kf8 57. Nd7+ Ke8 58. Ne5 Kd8 59. Rd7+ Kc8 60. Rd4 Bd3 61. Ke7 Rc1 62. Rd8+ Kb7 63. Kd6 Rc3 64. Rd7+ Kc8 65. Rc7+ Kb8 66. Nc6+ Ka8 67. Ra7# 1-0

[Event "MVP-ch Seniors op 14th"]
[Site "Binz"]
[Date "2014.12.01"]
[Round "7"]
[White "Opitz, Christian"]
[Black "Hoelting, Siegfried"]
[Result "1-0"]
[WhiteElo "1865"]
[BlackElo "1762"]
[PlyCount "63"]
[EventDate "2014.11.25"]
[EventType "swiss"]
[EventRounds "9"]
[EventCountry "GER"]
[SourceTitle "EXT 2016"]
[Source "ChessBase"]
[SourceDate "2015.10.08"]
[SourceVersion "1"]
[SourceVersionDate "2015.10.08"]
[SourceQuality "1"]

1. e4 e5 2. Nf3 Nc6 3. Bc4 Bc5 4. d3 Nf6 5. Nc3 h6 6. Be3 Qe7 7. Qd2 Bxe3 8. Qxe3 d6 9. h3 0-0 10. g4 Nb4 11. 0-0-0 d5 12. exd5 Qd6 13. Qxe5 Rd8 14. Rhe1 Nbxd5 15. Nxd5 Nxd5 16. Qxd6 Rxd6 17. Re8+ Kh7 18. Rde1 c6 19. Rf8 Rf6 20. Nh4 Re6 21. Rxe6 fxe6 22. d4 g5 23. Nf3 Kg7 24. Rd8 b5 25. Bf1 Nb6 26. Ne5 Bb7 27. Rd6 Rf8 28. Rxe6 Nd5 29. Rg6+ Kh7 30. Rd6 Ne7 31. Rd7 Re8 32. Rxb7 1-0

[Event "Maastricht Limburg op-B 8th"]
[Site "Maastricht"]
[Date "2014.06.08"]
[Round "5"]
[White "Hoelting, Siegfried"]
[Black "Mestrom, Wolf"]
[Result "1/2-1/2"]
[WhiteElo "1938"]
[BlackElo "1753"]
[PlyCount "106"]
[EventDate "2014.06.06"]
[EventType "swiss"]
[EventRounds "7"]
[EventCountry "NED"]
[SourceTitle "EXT 2015"]
[Source "ChessBase"]
[SourceDate "2014.11.20"]
[SourceVersion "1"]
[SourceVersionDate "2014.11.20"]
[SourceQuality "1"]

1. e4 c5 2. c3 d5 3. exd5 Qxd5 4. Nf3 Bg4 5. Be2 Nc6 6. 0-0 Nf6 7. h3 Bh5 8. d4 cxd4 9. cxd4 e6 10. Nc3 Qd7 11. Be3 Be7 12. Rc1 0-0 13. a3 Rfd8 14. b4 a5 15. b5 Bxf3 16. Bxf3 Nxd4 17. Bxd4 Qxd4 18. Qxd4 Rxd4 19. Bxb7 Rb8 20. Bc6 Bxa3 21. Rb1 Bb4 22. Ne2 Rd2 23. Ng3 Nd5 24. Rfc1 Nc3 25. Rb3 Rd3 26. Kf1 g6 27. Ne4 Na2 28. Rcb1 Rd4 29. Nf6+ Kg7 30. Nd7 Rxd7 31. Bxd7 Nc3 32. Rc1 Nxb5 33. Bxb5 Rxb5 34. Rc4 Kf6 35. Rf3+ Rf5 36. Ke2 Rxf3 37. Kxf3 g5 38. g4 Kg6 39. Ke4 h5 40. f3 hxg4 41. hxg4 Kf6 42. Kd3 Ke5 43. Rc7 f6 44. Rb7 Kf4 45. Ke2 f5 46. Rc7 Ke5 47. Rc4 Bd6 48. Kd3 fxg4 49. Rxg4 Kf5 50. Kc3 Bf4 51. Rg2 e5 52. Kd3 a4 53. Ra2 g4 1/2-1/2

[Event "Maastricht Limburg op-B 8th"]
[Site "Maastricht"]
[Date "2014.06.06"]
[Round "1"]
[White "Ibrahim, Ashraf"]
[Black "Hoelting, Siegfried"]
[Result "1-0"]
[WhiteElo "1794"]
[BlackElo "1938"]
[PlyCount "34"]
[EventDate "2014.06.06"]
[EventType "swiss"]
[EventRounds "7"]
[EventCountry "NED"]
[SourceTitle "EXT 2015"]
[Source "ChessBase"]
[SourceDate "2014.11.20"]
[SourceVersion "1"]
[SourceVersionDate "2014.11.20"]
[SourceQuality "1"]

1. d4 d5 2. c4 c6 3. Nc3 Nf6 4. Nf3 e6 5. Bg5 Be7 6. e3 Nbd7 7. Qc2 h6 8. Bh4 a6 9. c5 b6 10. b4 a5 11. b5 Bb7 12. Na4 0-0 13. Ne5 cxb5 14. Nxd7 Nxd7 15. Bxe7 Qxe7 16. Bxb5 bxc5 17. Bxd7 Qxd7 1-0

[Event "MVP-ch Seniors op 13th"]
[Site "Binz"]
[Date "2013.11.30"]
[Round "4"]
[White "Hoelting, Siegfried"]
[Black "Kahn, Peter"]
[Result "0-1"]
[WhiteElo "1808"]
[BlackElo "1984"]
[PlyCount "120"]
[EventDate "2013.11.27"]
[EventType "swiss"]
[EventRounds "9"]
[EventCountry "GER"]
[SourceTitle "EXT 2015"]
[Source "ChessBase"]
[SourceDate "2014.11.20"]
[SourceVersion "1"]
[SourceVersionDate "2014.11.20"]
[SourceQuality "1"]

1. e4 e5 2. Nf3 Nc6 3. Bc4 Bc5 4. 0-0 Nf6 5. d3 d6 6. h3 h6 7. c3 a6 8. b4 Ba7 9. Qe2 0-0 10. Be3 Bxe3 11. Qxe3 Nh5 12. Nbd2 Qf6 13. a3 Nf4 14. Kh2 Ne7 15. Ng1 Neg6 16. g3 Ne6 17. Qf3 Qxf3 18. Ndxf3 Kh8 19. Bb3 f5 20. exf5 Rxf5 21. Bd5 c6 22. Be4 Rf6 23. c4 Nef8 24. Nd2 Bf5 25. Ne2 Rd8 26. Rad1 Ne6 27. Kg2 d5 28. Bxf5 Rxf5 29. Nb3 Rf7 30. c5 Rfd7 31. f3 Nc7 32. Nc3 Ne8 33. Nd2 Nf6 34. a4 d4 35. Nce4 Nd5 36. Nc4 Ne3+ 37. Nxe3 dxe3 38. Rde1 Rxd3 39. Nd6 Rd7 40. Re2 Ra3 41. Nc4 Rb3 42. Rxe3 Rxb4 43. Rc1 Rxa4 44. Re2 Rd4 45. Nd6 Rab4 46. Rcc2 a5 47. Ra2 a4 48. Ne4 Nf8 49. Nd6 Nd7 50. Nf7+ Kg8 51. Nxe5 Nxe5 52. Rxe5 Rd5 53. Re8+ Kf7 54. Rae2 a3 55. R2e7+ Kg6 56. h4 a2 57. Ra8 Rb2+ 58. Kh3 Kf6 59. Ree8 Rxc5 60. f4 h5 0-1

[Event "MVP-ch Seniors op 13th"]
[Site "Binz"]
[Date "2013.11.29"]
[Round "3"]
[White "Garms, Ilse"]
[Black "Hoelting, Siegfried"]
[Result "0-1"]
[WhiteElo "1617"]
[BlackElo "1808"]
[PlyCount "96"]
[EventDate "2013.11.27"]
[EventType "swiss"]
[EventRounds "9"]
[EventCountry "GER"]
[SourceTitle "EXT 2015"]
[Source "ChessBase"]
[SourceDate "2014.11.20"]
[SourceVersion "1"]
[SourceVersionDate "2014.11.20"]
[SourceQuality "1"]

1. d4 d5 2. e3 Nf6 3. Bd3 e6 4. Nf3 Be7 5. Nbd2 0-0 6. 0-0 Nbd7 7. c3 c5 8. b3 b6 9. Bb2 Bb7 10. Qe2 Re8 11. Rfe1 Bd6 12. e4 e5 13. Qf1 exd4 14. exd5 dxc3 15. Bxc3 Nxd5 16. Bb2 Qc7 17. h3 Nb4 18. Bc4 Ne5 19. Nxe5 Bxe5 20. Bxe5 Rxe5 21. Rxe5 Qxe5 22. Re1 Qf4 23. Re7 Bd5 24. Qe2 g6 25. a3 Qg5 26. Bxd5 Nxd5 27. Re5 Nf4 28. Rxg5 Nxe2+ 29. Kf1 Nd4 30. Rd5 a5 31. Nc4 Rb8 32. Rd6 Nxb3 33. Nxb6 Nd4 34. f3 Nb5 35. Rc6 Nxa3 36. Nd7 Rb1+ 37. Kf2 Rb2+ 38. Kg3 c4 39. Ne5 Re2 40. Nxc4 Nxc4 41. Rxc4 Ra2 42. Rc5 a4 43. Ra5 a3 44. Kf4 Kg7 45. g4 h6 46. h4 Ra1 47. Ke3 a2 48. Ke2 Rh1 0-1

[Event "MVP-ch Seniors op 13th"]
[Site "Binz"]
[Date "2013.11.28"]
[Round "2"]
[White "Hoelting, Siegfried"]
[Black "Assmann, Hans"]
[Result "1-0"]
[WhiteElo "1808"]
[BlackElo "1701"]
[PlyCount "81"]
[EventDate "2013.11.27"]
[EventType "swiss"]
[EventRounds "9"]
[EventCountry "GER"]
[SourceTitle "EXT 2015"]
[Source "ChessBase"]
[SourceDate "2014.11.20"]
[SourceVersion "1"]
[SourceVersionDate "2014.11.20"]
[SourceQuality "1"]

1. e4 c5 2. c3 e6 3. Nf3 Nc6 4. d4 cxd4 5. cxd4 Nf6 6. Nc3 Be7 7. a3 a6 8. Bd3 d6 9. 0-0 Bd7 10. Re1 e5 11. d5 Na7 12. h3 h6 13. Be3 Nc8 14. a4 Nh7 15. b4 0-0 16. b5 a5 17. Rf1 b6 18. Nd2 f5 19. f4 exf4 20. Bxf4 g5 21. Bh2 f4 22. Qh5 Kg7 23. e5 Be8 24. Qe2 dxe5 25. Qxe5+ Bf6 26. Qe4 Rh8 27. Rac1 Nd6 28. Qf3 Bf7 29. Kh1 Re8 30. Nce4 Bd4 31. Nxd6 Qxd6 32. Bxh7 Re3 33. Nc4 Rxf3 34. Nxd6 Rxf1+ 35. Rxf1 Bg6 36. Bxg6 Kxg6 37. Rd1 Bc5 38. Ne4 Be3 39. Bg1 Bxg1 40. Kxg1 Kf5 41. Nd6+ 1-0

[Event "Bad Harzburg Seniors op 13th"]
[Site "Bad Harzburg"]
[Date "2012.11.02"]
[Round "5"]
[White "Hoelting, Siegfried"]
[Black "Skibbe, Hannes"]
[Result "1-0"]
[WhiteElo "1792"]
[BlackElo "1555"]
[PlyCount "103"]
[EventDate "2012.10.30"]
[EventType "swiss"]
[EventRounds "6"]
[EventCountry "GER"]
[SourceTitle "EXT 2014"]
[Source "ChessBase"]
[SourceDate "2013.11.20"]
[SourceVersion "1"]
[SourceVersionDate "2013.11.20"]
[SourceQuality "1"]

1. e4 e6 2. d4 d5 3. e5 c5 4. c3 Nc6 5. Nf3 Qb6 6. Be2 Bd7 7. 0-0 cxd4 8. cxd4 Nge7 9. a3 Nf5 10. Be3 Nxe3 11. fxe3 Be7 12. b4 a6 13. Nc3 Nd8 14. Na4 Qa7 15. Rc1 b5 16. Nc5 Bxc5 17. bxc5 0-0 18. Bd3 h6 19. Qc2 Bc6 20. Bh7+ Kh8 21. Nh4 Qe7 22. g3 Be8 23. Bd3 Nc6 24. Qd2 Kg8 25. Nf3 f5 26. exf6 Rxf6 27. e4 Bh5 28. exd5 exd5 29. Rce1 Qf8 30. Ne5 Nxe5 31. Rxe5 Rxf1+ 32. Bxf1 Bf3 33. Bg2 Rd8 34. Qf2 Bxg2 35. Qxg2 Qf6 36. Rxd5 Rf8 37. Re5 Qg6 38. Qd5+ Kh8 39. Qe4 Qf6 40. Qe2 Qg6 41. Kg2 Qc6+ 42. Kg1 a5 43. Re6 Qd5 44. Re4 Qb3 45. Re3 Qd5 46. Re4 Qb3 47. c6 Qxa3 48. Re8 Qa1+ 49. Kg2 Rxe8 50. Qxe8+ Kh7 51. Qe4+ Kh8 52. c7 1-0

[Event "GER-ch Seniors"]
[Site "Dresden"]
[Date "2012.08.11"]
[Round "3"]
[White "Mann, Klaus Dieter"]
[Black "Hoelting, Siegfried"]
[Result "1-0"]
[WhiteElo "2103"]
[BlackElo "1919"]
[PlyCount "115"]
[EventDate "2012.08.09"]
[EventType "swiss"]
[EventRounds "9"]
[EventCountry "GER"]
[SourceTitle "EXT 2014"]
[Source "ChessBase"]
[SourceDate "2013.11.20"]
[SourceVersion "1"]
[SourceVersionDate "2013.11.20"]
[SourceQuality "1"]

1. e4 e5 2. Nf3 Nc6 3. Bb5 Nf6 4. d3 Ne7 5. c3 c6 6. Ba4 Ng6 7. Qe2 Be7 8. h3 0-0 9. 0-0 b5 10. Bc2 h6 11. Kh2 d5 12. Re1 Re8 13. g3 Qd7 14. Ng1 Bd6 15. Kg2 Bb7 16. Nd2 Rad8 17. Nf1 c5 18. f3 a6 19. Ne3 dxe4 20. dxe4 c4 21. Rd1 Qc6 22. Nf5 Bc5 23. Be3 Bxe3 24. Qxe3 Rd7 25. Rxd7 Qxd7 26. Rd1 Qc7 27. Qd2 Nf8 28. Qd6 Qb8 29. Nxh6+ gxh6 30. Qxf6 Re6 31. Qd8 Qxd8 32. Rxd8 Kg7 33. h4 Re7 34. Kf2 Rd7 35. Rxd7 Nxd7 36. Ke3 f6 37. Ne2 Kf7 38. f4 Nc5 39. Ng1 Kg6 40. f5+ Kf7 41. g4 Ke7 42. Nf3 a5 43. g5 hxg5 44. hxg5 fxg5 45. Nxe5 Kf6 46. Ng4+ Ke7 47. Kd4 Nd7 48. e5 Bf3 49. Ne3 g4 50. Be4 Bxe4 51. Kxe4 Nc5+ 52. Kd4 Nd3 53. Nxg4 Nxb2 54. Ne3 Na4 55. Nd5+ Kd7 56. e6+ Ke8 57. f6 Nb2 58. Nc7+ 1-0

[Event "GER-ch Seniors"]
[Site "Dresden"]
[Date "2012.08.09"]
[Round "1"]
[White "Niebling, Ferdinand"]
[Black "Hoelting, Siegfried"]
[Result "1-0"]
[WhiteElo "2160"]
[BlackElo "1919"]
[PlyCount "81"]
[EventDate "2012.08.09"]
[EventType "swiss"]
[EventRounds "9"]
[EventCountry "GER"]
[SourceTitle "EXT 2014"]
[Source "ChessBase"]
[SourceDate "2013.11.20"]
[SourceVersion "1"]
[SourceVersionDate "2013.11.20"]
[SourceQuality "1"]

1. e4 e5 2. Nf3 Nc6 3. Bb5 Nf6 4. 0-0 Nxe4 5. d4 Be7 6. Re1 Nd6 7. Bxc6 dxc6 8. dxe5 Nf5 9. Qxd8+ Bxd8 10. Nc3 Be6 11. h3 c5 12. Bf4 0-0 13. Rad1 a6 14. g4 Ne7 15. Bg5 h6 16. Rxd8 Rfxd8 17. Bxe7 Re8 18. Bxc5 h5 19. Ng5 hxg4 20. Nxe6 Rxe6 21. hxg4 f6 22. f4 b6 23. Bf2 Rae8 24. Nd5 Rc6 25. exf6 Rxe1+ 26. Bxe1 Rxc2 27. fxg7 Rc5 28. Ne7+ Kxg7 29. Bc3+ Kf7 30. Nf5 Rd5 31. Kf2 c5 32. Kf3 b5 33. Ke4 Rd7 34. Be5 Rd1 35. g5 c4 36. Ne3 Rd7 37. f5 a5 38. g6+ Kf8 39. Nd5 b4 40. g7+ Kf7 41. g8Q+ 1-0